Management for Productivity. (Record no. 1906)

MARC details
005 - DATE AND TIME OF LATEST TRANSACTION
control field 20250505111149.0
020 ## - INTERNATIONAL STANDARD BOOK NUMBER
International Standard Book Number 0-471-82816-5
082 ## - DEWEY DECIMAL CLASSIFICATION NUMBER
Classification number 658 SCH
100 ## - MAIN ENTRY--PERSONAL NAME
Author name SCHERMERHORN, J. R.
245 ## - TITLE STATEMENT
Title Management for Productivity.
250 ## - EDITION STATEMENT
Edition statement 2rd Ed
260 ## - PUBLICATION, DISTRIBUTION, ETC.
Place of publication, distribution, etc. New York,
Name of publisher, distributor, etc. John Wiley & Sons,
Date of publication, distribution, etc. 1986.
300 ## - PHYSICAL DESCRIPTION
Extent Xxxii, 702p.: ill.; figure, picture
Other physical details Glossary & Index
Dimensions 25cm.
942 ## - ADDED ENTRY ELEMENTS (KOHA)
Source of classification or shelving scheme Dewey Decimal Classification
Koha item type Books
Holdings
Date last seen Total checkouts Full call number Barcode Cost, replacement price Price effective from Koha item type Lost status Source of classification or shelving scheme Damaged status Not for loan Withdrawn status Home library Current library Shelving location Date acquired Cost, normal purchase price
06/27/2025   658SCH DOM0001157 30000.00 06/27/2025 Books   Dewey Decimal Classification       CBE Dodoma CBE Dodoma General Collection 06/04/1990 10000.00
05/05/2025   658 SCH 0000007384 30000.00 05/05/2025 Books   Dewey Decimal Classification       College of Business Education Main Library College of Business Education Main Library General Collection 06/04/1990 10000.00